[Event "International Tournament "]
[Site "Paracin, Pool "]
[Date "2019.07.08"]
[Round "4.54"]
[White "Injac, Teodora"]
[Black "Parnali, S Dharia"]
[Result "1/2-1/2"]
[WhiteElo "2305"]
[BlackElo "2145"]
[PlyCount "91"]
[EventDate "2019.07.05"]

1. d4 d5 2. c4 e6 3. Nc3 Nf6 4. cxd5 exd5 5. Bg5 Be7 6. e3 h6 7. Bh4 O-O 8. Bd3
b6 9. Nf3 Bb7 10. O-O c5 11. Rc1 Nbd7 12. Bf5 Re8 13. Qc2 Ne4 14. Nxe4 dxe4 15.
Bxe4 Bxe4 16. Qxe4 Bxh4 17. Qxh4 Qxh4 18. Nxh4 cxd4 19. exd4 Re2 20. Rc7 Nf6
21. Rb1 Ng4 22. h3 Nf6 23. Kf1 Rae8 24. Nf3 Nd5 25. Rxa7 Rc2 26. Re1 Rxe1+ 27.
Nxe1 Rxb2 28. Ra8+ Kh7 29. Ra3 Nf4 30. Rf3 g5 31. a3 Kg6 32. Rc3 Rb1 33. Re3 f6
34. g3 Nxh3 35. Kg2 g4 36. d5 Rd1 37. Nd3 Ng5 38. Nf4+ Kf7 39. Rd3 Re1 40. Re3
Rd1 41. Rd3 Re1 42. Re3 Rc1 43. Ne2 Rd1 44. Nc3 Rc1 45. Ne2 Rd1 46. Nc3 1/2-1/2

[Event "International Tournament "]
[Site "Paracin, Pool "]
[Date "2019.07.08"]
[Round "4.55"]
[White "Kolbert, Engelbert"]
[Black "Jocev, Milan"]
[Result "0-1"]
[WhiteElo "2096"]
[BlackElo "2297"]
[PlyCount "86"]
[EventDate "2019.07.05"]

1. Nf3 Nf6 2. g3 g6 3. Bg2 Bg7 4. d4 O-O 5. O-O e6 6. c4 Nc6 7. Nc3 a6 8. h3
Rb8 9. a3 b5 10. cxb5 axb5 11. b4 d6 12. Bb2 Ne7 13. Qc2 Bb7 14. Rac1 Qd7 15.
Rfd1 Rfc8 16. e4 Qe8 17. Bf1 Ba8 18. Qe2 Bc6 19. Nd2 Nd7 20. Nb3 Nf8 21. f4 f5
22. e5 g5 23. fxg5 Qg6 24. h4 h6 25. Na5 dxe5 26. dxe5 Be8 27. Qe3 Nh7 28. Ne2
hxg5 29. hxg5 Nd5 30. Qf2 Nxg5 31. Bg2 c6 32. Nf4 Nxf4 33. Qxf4 Bh6 34. Qh4 Ne4
35. Bxe4 fxe4 36. Rc2 Bg5 37. Qh3 Bf7 38. Rh2 Kg7 39. Qf1 Rh8 40. Rxh8 Rxh8 41.
Rd7 Qh5 42. Qg2 Be3+ 43. Kf1 Qf3+ 0-1

[Event "International Tournament "]
[Site "Paracin, Pool "]
[Date "2019.07.08"]
[Round "4.56"]
[White "Skuhala, Jernej"]
[Black "Ozkan, Taha"]
[Result "0-1"]
[WhiteElo "2290"]
[BlackElo "2140"]
[PlyCount "150"]
[EventDate "2019.07.05"]

1. e4 e6 2. d3 d5 3. Qe2 Be7 4. Nf3 c5 5. g3 Nc6 6. Bg2 dxe4 7. dxe4 e5 8. c3
Be6 9. O-O Nf6 10. Rd1 Qc7 11. Bg5 O-O 12. Qc2 Rad8 13. Nbd2 b5 14. Bf1 a6 15.
Be2 h6 16. Bxf6 Bxf6 17. a4 Qb6 18. axb5 axb5 19. Nf1 Na5 20. Rxd8 Rxd8 21. Ne3
c4 22. Rd1 Nb7 23. Rxd8+ Qxd8 24. h4 Nc5 25. Nd2 Be7 26. Bd1 Qa8 27. Qb1 Qb7
28. Bc2 Qd7 29. Qd1 Nd3 30. Bxd3 Qxd3 31. Qc2 Qd7 32. b3 cxb3 33. Nxb3 Qc6 34.
Nd2 Bc5 35. Qd3 Qb6 36. Kg2 Bxe3 37. fxe3 f6 38. Kf2 Qc5 39. Ke1 Kf7 40. Kf2
Kg6 41. Nf3 Bc4 42. Qd7 Kh7 43. h5 Qa3 44. Qf5+ Kg8 45. Nh4 Qa2+ 46. Kg1 Be6
47. Qf1 Qc4 48. Qd1 Qc7 49. Ng6 Qd7 50. Qa1 Bf7 51. Qa8+ Qe8 52. Ne7+ Kf8 53.
Nc8 Bxh5 54. Qa3+ Kg8 55. Ne7+ Kh7 56. Qd6 Bf7 57. Qc7 Bc4 58. Nf5 Qf7 59. Qd6
g6 60. Ne7 h5 61. Nd5 Kg7 62. Kh2 g5 63. Kg2 Bd3 64. Nc7 Bxe4+ 65. Kf1 Qc4+ 66.
Kf2 Qa2+ 67. Ke1 Qb1+ 68. Kf2 Qc2+ 69. Ke1 Qxc3+ 70. Ke2 Qc4+ 71. Ke1 Qc6 72.
Qe7+ Kg6 73. Ne8 Kf5 74. Nd6+ Kg4 75. Qxf6 Qc3+ 0-1

[Event "International Tournament "]
[Site "Paracin, Pool "]
[Date "2019.07.08"]
[Round "4.57"]
[White "Pantelic, Sasa"]
[Black "Altun, Arda"]
[Result "1-0"]
[WhiteElo "2289"]
[BlackElo "2124"]
[PlyCount "77"]
[EventDate "2019.07.05"]

1. d4 d5 2. c4 c6 3. cxd5 cxd5 4. Nc3 Nc6 5. Bf4 e5 6. Bxe5 Nxe5 7. dxe5 d4 8.
Qa4+ b5 9. Nxb5 Bd7 10. Qxd4 Bxb5 11. Qxd8+ Rxd8 12. a3 Bc5 13. Nf3 Ne7 14. e3
Bxf1 15. Rxf1 a5 16. Rc1 Bb6 17. Ke2 O-O 18. Ng5 Rd5 19. f4 Rfd8 20. Ne4 Rb5
21. b4 Nf5 22. Nc3 Rxb4 23. axb4 axb4 24. Nd1 h5 25. Rb1 Bc5 26. Rb3 Ra8 27.
Nb2 Ra2 28. Rb1 g6 29. g3 Kg7 30. Kf3 Ra8 31. h3 Rd8 32. g4 hxg4+ 33. hxg4 Nh6
34. Nd3 Be7 35. Nxb4 g5 36. Nc6 Rd7 37. f5 Bf8 38. Rb7 Kg8 39. Rb8 1-0

[Event "International Tournament "]
[Site "Paracin, Pool "]
[Date "2019.07.08"]
[Round "4.58"]
[White "Raahul, V S."]
[Black "Karaoglan, Kivanc"]
[Result "1-0"]
[WhiteElo "2251"]
[BlackElo "2062"]
[PlyCount "65"]
[EventDate "2019.07.05"]

1. c4 e6 2. g3 Nf6 3. Bg2 d5 4. Nf3 d4 5. O-O c5 6. e3 Nc6 7. exd4 cxd4 8. d3
Be7 9. Bg5 O-O 10. Nbd2 Re8 11. a3 a5 12. Re1 a4 13. Ne5 Nxe5 14. Rxe5 Ra5 15.
Bxf6 Bxf6 16. Rb5 Rxb5 17. cxb5 Qa5 18. Nc4 Qa7 19. Nd6 Rd8 20. Qc2 Qa8 21. Qc7
Bd7 22. Nxb7 Qb8 23. Rc1 Rc8 24. Qxb8 Rxb8 25. b6 Bb5 26. Nd6 Bxd3 27. b7 Ba6
28. Rc8+ Rxc8 29. bxc8=Q+ Bxc8 30. Nxc8 d3 31. Nb6 Bxb2 32. Nc4 d2 33. Nxb2 1-0

[Event "International Tournament "]
[Site "Paracin, Pool "]
[Date "2019.07.08"]
[Round "4.59"]
[White "Toncheva, Nadya"]
[Black "Radosavljevic, Slobodan D"]
[Result "0-1"]
[WhiteElo "2087"]
[BlackElo "2246"]
[PlyCount "56"]
[EventDate "2019.07.05"]

1. d4 c5 2. d5 Nf6 3. c4 g6 4. Nc3 Bg7 5. e4 d6 6. Bd3 O-O 7. Nge2 e6 8. O-O
exd5 9. exd5 Na6 10. Re1 Ng4 11. Ng3 Bd4 12. Nce4 f5 13. Bg5 fxe4 14. Bxd8 Nxf2
15. Qd2 Nxd3+ 16. Kh1 Nf2+ 17. Kg1 Rxd8 18. Nf1 Nb4 19. Ne3 Ng4 20. h3 Nxe3 21.
Rxe3 Nc2 22. Qxc2 Bxe3+ 23. Kh1 Re8 24. Re1 Bd4 25. Qa4 Re7 26. Re2 e3 27. g4
Bd7 28. Qc2 Rf8 0-1

[Event "International Tournament "]
[Site "Paracin, Pool "]
[Date "2019.07.08"]
[Round "4.60"]
[White "Popovic, Djordje D"]
[Black "Shoshin, Kirill"]
[Result "1/2-1/2"]
[WhiteElo "2227"]
[BlackElo "2089"]
[PlyCount "40"]
[EventDate "2019.07.05"]

1. d4 Nf6 2. c4 e6 3. g3 d5 4. Bg2 dxc4 5. Nf3 c5 6. O-O Nc6 7. Qa4 Bd7 8. Qxc4
b5 9. Qd3 Rc8 10. Nc3 Nxd4 11. Nxd4 cxd4 12. Qxd4 Bc5 13. Qd3 b4 14. Ne4 Nxe4
15. Bxe4 Qb6 16. a4 bxa3 17. bxa3 Bb5 18. Qf3 Bc6 19. Bxc6+ Qxc6 20. Qxc6+ Rxc6
1/2-1/2

[Event "International Tournament "]
[Site "Paracin, Pool "]
[Date "2019.07.08"]
[Round "4.61"]
[White "Sahin, Ozgun"]
[Black "Tadic, Katarina"]
[Result "1-0"]
[WhiteElo "2214"]
[BlackElo "2021"]
[PlyCount "39"]
[EventDate "2019.07.05"]

1. e4 c5 2. Nc3 g6 3. d4 cxd4 4. Qxd4 Nf6 5. Nf3 Nc6 6. Qa4 d6 7. e5 Ng4 8. Bb5
Ngxe5 9. Nxe5 dxe5 10. Bxc6+ bxc6 11. Qxc6+ Bd7 12. Qe4 Bg7 13. O-O Bf5 14. Qh4
Bxc2 15. Bh6 Bf6 16. Qg3 e6 17. Rac1 Bf5 18. Nb5 Bd3 19. Nc7+ Ke7 20. Nxa8 1-0

[Event "International Tournament "]
[Site "Paracin, Pool "]
[Date "2019.07.08"]
[Round "4.62"]
[White "Uzumcu, Ahmet Utku"]
[Black "Krstic, Milos"]
[Result "1-0"]
[WhiteElo "2201"]
[BlackElo "2050"]
[Annotator "Natasa"]
[PlyCount "69"]
[EventDate "2019.07.05"]

1. e4 e5 2. Nf3 Nf6 3. Nxe5 d6 4. Nf3 Nxe4 5. c4 Be7 6. d4 d5 7. Bd3 Nc6 8. O-O
Nb4 9. Be2 O-O 10. a3 Nc6 11. cxd5 Qxd5 12. Nc3 Nxc3 13. bxc3 Na5 14. Re1 Bf6
15. Rb1 a6 16. Bf4 Bf5 17. Rc1 c5 18. c4 Qd8 19. d5 Bb2 20. Rc2 Bxc2 21. Qxc2
Bf6 22. Bd3 g6 23. h4 b5 24. h5 bxc4 25. Be4 Ra7 26. d6 Re8 27. Rd1 c3 28. Bd5
Kg7 29. Qc1 Qd7 30. Ng5 Qf5 31. h6+ Kg8 32. Re1 Qc8 33. Ne4 Bd4 34. Nxc3 Nb7
35. Ne4 {...} 1-0

[Event "International Tournament "]
[Site "Paracin, Pool "]
[Date "2019.07.08"]
[Round "4.63"]
[White "Jijo, Joy"]
[Black "Kantorik, Marian"]
[Result "1/2-1/2"]
[WhiteElo "2053"]
[BlackElo "2196"]
[PlyCount "43"]
[EventDate "2019.07.05"]

1. e4 c6 2. d4 d5 3. exd5 cxd5 4. Nf3 Nf6 5. Ne5 e6 6. Bb5+ Nbd7 7. c3 a6 8.
Nxd7 Bxd7 9. Bd3 Be7 10. Nd2 b5 11. a3 a5 12. Nf3 b4 13. axb4 axb4 14. Bg5 bxc3
15. bxc3 O-O 16. Rxa8 Qxa8 17. Ne5 Qa4 18. Bc2 Qb5 19. Bd3 Qa4 20. Bc2 Qb5 21.
Bd3 Qa4 22. Bc2 1/2-1/2

[Event "International Tournament "]
[Site "Paracin, Pool "]
[Date "2019.07.08"]
[Round "4.65"]
[White "Pantic, Ivica"]
[Black "Patil, Mitali"]
[Result "1-0"]
[WhiteElo "2184"]
[BlackElo "2009"]
[PlyCount "77"]
[EventDate "2019.07.05"]

1. Nf3 d5 2. c4 e6 3. e3 Nf6 4. b3 c5 5. Bb2 Nc6 6. a3 d4 7. exd4 Nxd4 8. Nxd4
cxd4 9. g3 Bd7 10. Bg2 Bc6 11. Bxc6+ bxc6 12. Qf3 Qb6 13. Bxd4 Qxd4 14. Qxc6+
Ke7 15. Qxa8 Qe5+ 16. Kf1 Qxa1 17. Qxa7+ Nd7 18. Kg2 Qe5 19. Nc3 g5 20. d4 Qb8
21. Qa5 Qb7+ 22. f3 Qxb3 23. Re1 Ke8 24. c5 Be7 25. c6 Qxa3 26. Qc7 Qd6 27.
Qc8+ Bd8 28. Nb5 Qe7 29. c7 Nb6 30. Qb8 Qd7 31. Qxb6 Bf6 32. c8=Q+ Qxc8 33.
Nd6+ Kd7 34. Nxc8 Rxc8 35. d5 Rc2+ 36. Kf1 Bd8 37. dxe6+ fxe6 38. Qxe6+ Kc7 39.
Rd1 1-0

[Event "International Tournament "]
[Site "Paracin, Pool "]
[Date "2019.07.08"]
[Round "4.66"]
[White "Nestorovic, Katarina"]
[Black "Bojicic, Andjela"]
[Result "1/2-1/2"]
[WhiteElo "2179"]
[BlackElo "1948"]
[PlyCount "46"]
[EventDate "2019.07.05"]

1. e4 e6 2. d4 d5 3. Nc3 dxe4 4. Nxe4 Nd7 5. Nf3 Ngf6 6. Nxf6+ Nxf6 7. Bd3 c5
8. dxc5 Bxc5 9. O-O O-O 10. Bg5 Be7 11. Qe2 h6 12. Bh4 Bd7 13. Rfd1 Qc7 14. Ne5
Bc6 15. c4 Rac8 16. Rac1 b6 17. Bb1 Rfd8 18. f3 Bb7 19. Bf2 Bd6 20. f4 Bc5 21.
Re1 Bb4 22. Red1 Bc5 23. Re1 Bb4 1/2-1/2

[Event "International Tournament "]
[Site "Paracin, Pool "]
[Date "2019.07.08"]
[Round "4.67"]
[White "Harshini, A."]
[Black "Vidic, Teja"]
[Result "1/2-1/2"]
[WhiteElo "2018"]
[BlackElo "2166"]
[PlyCount "78"]
[EventDate "2019.07.05"]

1. e4 c5 2. Nf3 Nc6 3. d4 cxd4 4. Nxd4 Nf6 5. Nc3 d6 6. Bg5 e6 7. Qd2 Qb6 8.
Nb3 Be7 9. f3 O-O 10. O-O-O a6 11. g4 Qc7 12. Bxf6 Bxf6 13. Qxd6 Qxd6 14. Rxd6
Be7 15. Rd1 Ne5 16. Be2 g5 17. Kb1 b5 18. Nc1 Bb7 19. Nd3 Nc4 20. h4 Rac8 21.
hxg5 Na3+ 22. bxa3 Rxc3 23. Rh5 Rfc8 24. Rd2 Bxa3 25. Bd1 Rd8 26. Be2 Bc6 27.
Bf1 b4 28. Rdh2 Ba4 29. f4 Rdc8 30. Rxh7 Bxc2+ 31. Ka1 Kf8 32. Rh1 R8c7 33. g6
Bxd3 34. Bxd3 Rxd3 35. Rh8+ Kg7 36. R8h7+ Kg8 37. Rh8+ Kg7 38. R8h7+ Kg8 39.
Rh8+ Kg7 1/2-1/2

[Event "International Tournament "]
[Site "Paracin, Pool "]
[Date "2019.07.08"]
[Round "4.68"]
[White "Mar, Karmen"]
[Black "Mehmed, Elif"]
[Result "1/2-1/2"]
[WhiteElo "2008"]
[BlackElo "2164"]
[PlyCount "98"]
[EventDate "2019.07.05"]

1. e4 d5 2. exd5 Qxd5 3. Nc3 Qd6 4. d4 Nf6 5. Nf3 g6 6. Nb5 Qb6 7. c4 c6 8. Nc3
Bg7 9. h3 O-O 10. Be2 Rd8 11. O-O Bf5 12. Na4 Qc7 13. Be3 Nbd7 14. g4 Be4 15.
Nd2 e5 16. g5 exd4 17. gxf6 dxe3 18. Nxe4 Nxf6 19. Nxf6+ Bxf6 20. Qb3 exf2+ 21.
Kg2 Bd4 22. Qg3 Qe7 23. Bg4 Kh8 24. Nc3 h5 25. Bd1 h4 26. Qf4 Be3 27. Qe4 Qg5+
28. Qg4 Qh6 29. Qe4 Re8 30. Qf3 f5 31. Bc2 Qg5+ 32. Kh1 Bd4 33. Qg2 Qf6 34.
Rxf2 Bxf2 35. Qxf2 Re6 36. Ne2 Rae8 37. Nf4 Re3 38. Rf1 Rg3 39. Rg1 Qg5 40.
Rxg3 hxg3 41. Qd4+ Kh7 42. Kg2 Rd8 43. Qe3 c5 44. Ba4 Rd4 45. Qe8 Rxf4 46. Qf7+
Kh8 47. Qf8+ Kh7 48. Qf7+ Kh8 49. Qf8+ Kh7 1/2-1/2

[Event "International Tournament "]
[Site "Paracin, Pool "]
[Date "2019.07.08"]
[Round "4.69"]
[White "Osaka, Takuma"]
[Black "Janjic, Stefan"]
[Result "1/2-1/2"]
[WhiteElo "1972"]
[BlackElo "2164"]
[PlyCount "51"]
[EventDate "2019.07.05"]

1. d4 d5 2. c4 e6 3. Nc3 Nf6 4. cxd5 exd5 5. Bg5 c6 6. Qc2 Nbd7 7. e3 Be7 8.
Bd3 O-O 9. Nge2 Re8 10. f3 Nf8 11. Bh4 c5 12. O-O Ng6 13. Bf2 Bd7 14. dxc5 Bxc5
15. Nxd5 Rc8 16. Nxf6+ Qxf6 17. Qd2 Rcd8 18. Nd4 Qg5 19. f4 Qf6 20. Bxg6 hxg6
21. Rac1 Bb6 22. Qc3 Rc8 23. Qd3 Rcd8 24. Qc3 Rc8 25. Qd3 Rcd8 26. Qc3 1/2-1/2

[Event "International Tournament "]
[Site "Paracin, Pool "]
[Date "2019.07.08"]
[Round "4.70"]
[White "Djukic, Sandra"]
[Black "Ashutosh, Kumar"]
[Result "1-0"]
[WhiteElo "2153"]
[BlackElo "1928"]
[PlyCount "59"]
[EventDate "2019.07.05"]

1. d4 d5 2. c4 c6 3. Nf3 Nf6 4. e3 e6 5. b3 Nbd7 6. Bd3 Bd6 7. Bb2 Qe7 8. Ne5
Nxe5 9. dxe5 Bb4+ 10. Nd2 Nd7 11. O-O Nc5 12. Be2 O-O 13. Nf3 Ne4 14. Qc2 Ba3
15. Bxa3 Qxa3 16. Bd3 f5 17. exf6 Nxf6 18. c5 Bd7 19. Ne5 Be8 20. f4 Qa5 21. a3
Qc7 22. g4 g6 23. g5 Nh5 24. Qc3 Rd8 25. Qd4 Qg7 26. b4 Qh8 27. Rf3 Ng7 28. Ng4
Nf5 29. Bxf5 Qxd4 30. Bxe6+ 1-0

[Event "International Tournament "]
[Site "Paracin, Pool "]
[Date "2019.07.08"]
[Round "4.71"]
[White "Ratkovic, Petar"]
[Black "Sapale, Saloni"]
[Result "0-1"]
[WhiteElo "1954"]
[BlackElo "2151"]
[PlyCount "68"]
[EventDate "2019.07.05"]

1. d4 Nf6 2. c4 g6 3. Nc3 d5 4. cxd5 Nxd5 5. e4 Nxc3 6. bxc3 Bg7 7. Bc4 c5 8.
Ne2 Nc6 9. Be3 O-O 10. Rc1 cxd4 11. cxd4 Qa5+ 12. Kf1 Rd8 13. Qb3 e6 14. d5 Ne5
15. dxe6 Nxc4 16. exf7+ Kxf7 17. Qxc4+ Be6 18. Qc7+ Qxc7 19. Rxc7+ Kg8 20. Ke1
Bxa2 21. Rxb7 a5 22. f4 a4 23. Kf2 a3 24. e5 Bd5 25. Ra7 Rxa7 26. Bxa7 Bc4 27.
Nd4 a2 28. Ra1 Bf8 29. Ke3 Bb4 30. Nc2 Bd2+ 31. Kf3 Bc3 32. Rg1 Rd2 33. Na1 Rb2
34. Rd1 Be2+ 0-1

[Event "International Tournament "]
[Site "Paracin, Pool "]
[Date "2019.07.08"]
[Round "4.72"]
[White "Iskos, Alexandros"]
[Black "Anacoglu, Cisel"]
[Result "1-0"]
[WhiteElo "2151"]
[BlackElo "1869"]
[PlyCount "77"]
[EventDate "2019.07.05"]

1. e4 e5 2. Nf3 Nc6 3. d4 exd4 4. Nxd4 Nf6 5. Nxc6 bxc6 6. e5 Nd5 7. c4 Ne7 8.
Bd3 Ng6 9. O-O Be7 10. Re1 O-O 11. Nc3 d6 12. exd6 Bxd6 13. Qc2 h6 14. Be3 Ne5
15. Bh7+ Kh8 16. c5 f5 17. cxd6 Kxh7 18. dxc7 Qxc7 19. f3 Bd7 20. Rad1 Nc4 21.
Bc5 Rfe8 22. b3 Nb6 23. Qd3 Rad8 24. Rxe8 Rxe8 25. Qd4 Be6 26. Qd6 Qc8 27. h4
Qb7 28. Bd4 Nc8 29. Qc5 Nb6 30. Rd2 Qd7 31. Qe5 Qf7 32. Qd6 Qd7 33. Qe5 Qf7 34.
Qd6 Qd7 35. Qxd7 Bxd7 36. Rd1 Bc8 37. Kf2 Ba6 38. Bxb6 axb6 39. Rd6 1-0

[Event "International Tournament "]
[Site "Paracin, Pool "]
[Date "2019.07.08"]
[Round "4.73"]
[White "Munkhzul, Davaakhuu"]
[Black "Pimpalkhare, Vedant"]
[Result "1-0"]
[WhiteElo "1863"]
[BlackElo "2150"]
[PlyCount "59"]
[EventDate "2019.07.05"]

1. e4 e6 2. d4 b6 3. Nc3 Bb7 4. Nf3 Nf6 5. Bd3 d5 6. exd5 Nxd5 7. O-O Nxc3 8.
bxc3 Be7 9. Ne5 O-O 10. Re1 Nd7 11. Re3 f5 12. Bc4 Rf6 13. Qe2 Nf8 14. Rh3 f4
15. Qg4 c5 16. Bxf4 cxd4 17. Bg5 Qd6 18. Bxf6 Bxf6 19. cxd4 Rd8 20. Re1 Bc8 21.
c3 Qc7 22. Bd3 Bxe5 23. dxe5 g6 24. Rf3 Qxc3 25. Rd1 Qxe5 26. Re3 Qf6 27. Bc4
Re8 28. Bb5 Re7 29. Rf3 Qb2 30. Qf4 1-0

[Event "International Tournament "]
[Site "Paracin, Pool "]
[Date "2019.07.08"]
[Round "4.74"]
[White "Mitev, Valentin"]
[Black "Ostojic, Katarina"]
[Result "1-0"]
[WhiteElo "2296"]
[BlackElo "2164"]
[PlyCount "57"]
[EventDate "2019.07.05"]

1. d4 c5 2. d5 Nf6 3. c4 b5 4. cxb5 a6 5. bxa6 g6 6. Nc3 Bg7 7. e4 Qa5 8. a7
Rxa7 9. Bd2 Qb4 10. Qc2 Qb7 11. Nb5 Ra6 12. Qxc5 Nxe4 13. Qc2 O-O 14. Bb4 Nd6
15. Bxd6 exd6 16. Bc4 Rb6 17. a4 Nc6 18. Ne2 Ne7 19. Qd2 Qb8 20. O-O Ba6 21.
Ng3 Rc8 22. Rac1 Qa8 23. Qe3 Rxc4 24. Rxc4 Rxb5 25. axb5 Bxb5 26. Re4 Bxf1 27.
Rxe7 Qxd5 28. Re8+ Bf8 29. Nxf1 1-0

[Event "International Tournament "]
[Site "Paracin, Pool "]
[Date "2019.07.08"]
[Round "4.75"]
[White "Baterdene, Tsogbayar"]
[Black "Maksimovic, Masa"]
[Result "0-1"]
[WhiteElo "2247"]
[BlackElo "2102"]
[PlyCount "84"]
[EventDate "2019.07.05"]

1. e4 g6 2. Nc3 Bg7 3. g3 d6 4. Bg2 Nf6 5. Nge2 O-O 6. O-O c5 7. a3 Nc6 8. Rb1
Rb8 9. b4 cxb4 10. axb4 b5 11. d3 Bd7 12. Nd5 e6 13. Nxf6+ Bxf6 14. Bf4 Qc7 15.
c4 g5 16. Bd2 bxc4 17. dxc4 Ne5 18. Bc3 Bg7 19. Rc1 Rfc8 20. f4 Nxc4 21. Bxg7
Kxg7 22. Kh1 Qb6 23. Rxc4 Rxc4 24. Qa1+ Kg8 25. Qf6 Qd8 26. Qh6 Rcxb4 27. fxg5
Qf8 28. Qf6 Qg7 29. Qe7 Bb5 30. Bf3 Bxe2 31. Bxe2 Rb1 32. Qxa7 Rxf1+ 33. Bxf1
Rb1 34. Qa8+ Qf8 35. Qa6 Qb8 36. Kg2 Qb2+ 37. Kh3 Kg7 38. Qd3 Ra1 39. Bg2 Ra2
40. Bf3 Qxh2+ 41. Kg4 Qd2 42. Qc4 Ra5 0-1

[Event "International Tournament "]
[Site "Paracin, Pool "]
[Date "2019.07.08"]
[Round "4.76"]
[White "Mullick, Raahil"]
[Black "Farkas, Sandor I"]
[Result "1-0"]
[WhiteElo "2211"]
[BlackElo "2048"]
[PlyCount "85"]
[EventDate "2019.07.05"]

1. e4 c5 2. Nf3 d6 3. d4 cxd4 4. Nxd4 Nf6 5. Nc3 a6 6. Be3 Ng4 7. Bc1 Nf6 8. f3
Qb6 9. Nb3 e6 10. Qe2 Nc6 11. Be3 Qc7 12. O-O-O b5 13. g4 Nd7 14. Qf2 Bb7 15.
f4 b4 16. Na4 Na5 17. Nb6 Nxb3+ 18. axb3 Nxb6 19. Bxb6 Qc6 20. Bc4 a5 21. Rhe1
a4 22. f5 e5 23. Kb1 f6 24. g5 Be7 25. gxf6 Bxf6 26. h4 a3 27. Qg1 Ke7 28. Bd5
Qc8 29. Bxb7 Qxb7 30. Rxd6 axb2 31. Qc5 Rhc8 32. Qb5 Ra1+ 33. Kxb2 Kxd6 34.
Bc5+ Rxc5 35. Qxb7 Rxe1 36. Qb6+ Kd7 37. Qxc5 Rh1 38. Qxb4 Rxh4 39. Qb7+ Kd6
40. b4 Rh2 41. b5 Kc5 42. Qc6+ Kb4 43. b6 1-0

[Event "International Tournament "]
[Site "Paracin, Pool "]
[Date "2019.07.08"]
[Round "4.77"]
[White "Gallevci, Yagiz"]
[Black "Jovanovic, Sasa T"]
[Result "1/2-1/2"]
[WhiteElo "2036"]
[BlackElo "2205"]
[PlyCount "50"]
[EventDate "2019.07.05"]

1. e4 c5 2. Nf3 g6 3. d4 Bg7 4. Nc3 cxd4 5. Nxd4 Nc6 6. Be3 Nf6 7. Qd2 Ng4 8.
Nxc6 bxc6 9. Bd4 Bxd4 10. Qxd4 O-O 11. Be2 d6 12. h3 Nf6 13. O-O-O Qb6 14. f4
Be6 15. g4 c5 16. Qe3 Rab8 17. b3 Qb4 18. f5 Qa3+ 19. Kb1 Bxb3 20. cxb3 Rxb3+
21. axb3 Qxb3+ 22. Kc1 Rb8 23. Kd2 Qb2+ 24. Ke1 Rb3 25. Rd3 c4 1/2-1/2

[Event "International Tournament "]
[Site "Paracin, Pool "]
[Date "2019.07.08"]
[Round "4.78"]
[White "Wu, David Tai-Wei"]
[Black "Zavgorodniaya, Alena"]
[Result "1/2-1/2"]
[WhiteElo "1960"]
[BlackElo "2128"]
[PlyCount "51"]
[EventDate "2019.07.05"]

1. d4 d5 2. c4 c6 3. Nf3 Nf6 4. Nc3 e6 5. Bg5 h6 6. Bh4 dxc4 7. e4 g5 8. Bg3 b5
9. h4 g4 10. Ne5 Rg8 11. Be2 h5 12. a3 Bb7 13. O-O Nbd7 14. b3 Nxe5 15. dxe5
Qxd1 16. Rfxd1 Nd7 17. bxc4 a6 18. Ra2 Bg7 19. cxb5 axb5 20. Nxb5 cxb5 21. Bxb5
Bc8 22. Rc2 Ke7 23. Rxc8 Rgxc8 24. Rxd7+ Kf8 25. a4 Rc1+ 26. Kh2 1/2-1/2

[Event "International Tournament "]
[Site "Paracin, Pool "]
[Date "2019.07.08"]
[Round "4.79"]
[White "Savic, Robert"]
[Black "Djokic, Slavoljub"]
[Result "0-1"]
[WhiteElo "1929"]
[BlackElo "2128"]
[PlyCount "91"]
[EventDate "2019.07.05"]

1. d4 c5 2. d5 Nf6 3. c4 b5 4. cxb5 a6 5. bxa6 Bxa6 6. Nc3 g6 7. g3 d6 8. Bg2
Bg7 9. Nf3 O-O 10. Rb1 Nbd7 11. O-O Qc7 12. b3 Rfb8 13. Bb2 c4 14. Nd4 cxb3 15.
axb3 Kf8 16. Nc6 Rb7 17. h3 Nb8 18. Nd4 Rb4 19. Na4 Rb7 20. Qd2 Bb5 21. Rfc1
Qd8 22. Nc3 Be8 23. Ra1 Rxa1 24. Rxa1 Nbd7 25. Nc6 Qc7 26. b4 Nb6 27. Nb5 Qd7
28. Bxf6 Bxf6 29. Rc1 Nc4 30. Rxc4 Rxb5 31. e4 e6 32. h4 exd5 33. exd5 Kg7 34.
Qe2 Rb6 35. Re4 Kf8 36. Kh2 Qc8 37. Bh3 Qa8 38. b5 Rb7 39. Qf3 Kg7 40. Qe2 Kf8
41. h5 Bd7 42. Bxd7 Rxd7 43. hxg6 hxg6 44. Qd1 Qa2 45. Re2 Qc4 46. b6 0-1

[Event "International Tournament "]
[Site "Paracin, Pool "]
[Date "2019.07.08"]
[Round "4.80"]
[White "Jonsson, Gauti Pall"]
[Black "Srdanovic, Jovana"]
[Result "1-0"]
[WhiteElo "2080"]
[BlackElo "1975"]
[PlyCount "61"]
[EventDate "2019.07.05"]

1. d4 d5 2. c4 c6 3. Nc3 Nf6 4. cxd5 cxd5 5. f3 e6 6. e4 Nc6 7. e5 Nd7 8. f4
Nb6 9. Nf3 h6 10. a3 a6 11. Bd3 Be7 12. O-O Qc7 13. Be3 Bd7 14. Rc1 Rc8 15. Kh1
Qb8 16. Qe1 Na5 17. Rc2 Nbc4 18. Bc1 Nb3 19. f5 Nxc1 20. Qxc1 Nb6 21. Qf4 Rc6
22. Qg4 Bf8 23. Nh4 Qc8 24. Qg3 Kd8 25. Rd2 Rg8 26. fxe6 Bxe6 27. Bh7 Rh8 28.
Ng6 Rxh7 29. Nxf8 Kc7 30. Nxh7 Qh8 31. Rxf7+ 1-0

[Event "International Tournament "]
[Site "Paracin, Pool "]
[Date "2019.07.08"]
[Round "4.81"]
[White "Liu, Hongyan"]
[Black "Anand, Batsukh"]
[Result "0-1"]
[WhiteElo "2033"]
[BlackElo "1899"]
[PlyCount "94"]
[EventDate "2019.07.05"]

1. d4 Nf6 2. Nf3 g6 3. g3 Bg7 4. Bg2 O-O 5. O-O d6 6. c4 c6 7. Nc3 Bf5 8. Nh4
Be6 9. d5 Bd7 10. h3 Na6 11. Be3 Qc8 12. Kh2 Nc7 13. Rc1 c5 14. Qd2 Re8 15. Bh6
Bh8 16. e4 b5 17. cxb5 Nxb5 18. Nxb5 Bxb5 19. Rfe1 Qa6 20. b3 Rab8 21. Re3 e6
22. dxe6 Rxe6 23. f4 Rbe8 24. Rce1 Nd7 25. f5 R6e7 26. Bg5 Bf6 27. Bxf6 Nxf6
28. fxg6 hxg6 29. Qf2 Nh7 30. a4 Bc6 31. Qd2 Re6 32. Bf1 Qc8 33. Bc4 Rf6 34. e5
Ng5 35. e6 Nxe6 36. Qxd6 Qd7 37. Qxd7 Bxd7 38. Kg1 Rb8 39. Re5 Nd4 40. Re7 Bxh3
41. Kh2 Bg4 42. Rb1 g5 43. Re4 Nf3+ 44. Nxf3 Bxf3 45. Ree1 Kg7 46. Kg1 Rh8 47.
Rbc1 Bc6 0-1

[Event "International Tournament "]
[Site "Paracin, Pool "]
[Date "2019.07.08"]
[Round "4.82"]
[White "Rutten, Alexander"]
[Black "Srimathi, R."]
[Result "1/2-1/2"]
[WhiteElo "2010"]
[BlackElo "1832"]
[PlyCount "79"]
[EventDate "2019.07.05"]

1. e4 c5 2. Nc3 g6 3. g3 Bg7 4. Bg2 e6 5. d3 Nc6 6. f4 Nge7 7. Nf3 O-O 8. Be3
Nd4 9. O-O d5 10. Bf2 Nxf3+ 11. Bxf3 d4 12. Ne2 b6 13. c4 Bb7 14. Be1 a5 15. a3
Nc6 16. Bd2 Qe7 17. h3 Qc7 18. Bg2 Qd7 19. g4 f5 20. Ng3 Ne7 21. e5 Bxg2 22.
Kxg2 Kf7 23. b4 axb4 24. axb4 Rxa1 25. Qxa1 Qc6+ 26. Kh2 Ra8 27. Qb2 Qa4 28.
gxf5 gxf5 29. bxc5 bxc5 30. Qb7 Qa7 31. Qg2 Qa2 32. Nh5 Bh8 33. Kh1 Rg8 34. Qe2
Ng6 35. Rg1 Nh4 36. Rxg8 Kxg8 37. Nf6+ Bxf6 38. exf6 Qa8+ 39. Kh2 Nf3+ 40. Kg3
1/2-1/2

[Event "International Tournament "]
[Site "Paracin, Pool "]
[Date "2019.07.08"]
[Round "4.83"]
[White "Xilogiannis, Dimitrios"]
[Black "Ilic, Ilija"]
[Result "1/2-1/2"]
[WhiteElo "1999"]
[BlackElo "1829"]
[Annotator "Doe,John"]
[PlyCount "48"]
[EventDate "2019.07.05"]

1. d4 d6 2. e4 Nf6 3. Nc3 g6 4. f3 Bg7 5. Be3 e6 6. Qd2 O-O 7. O-O-O c6 8. Bh6
Kh8 9. h4 Bxh6 10. Qxh6 Ng8 11. Qe3 f5 12. Nge2 Qf6 13. h5 g5 14. exf5 exf5 15.
Kb1 f4 16. Qd2 d5 17. Nc1 Bf5 18. Qf2 Nd7 19. Bd3 Nh6 20. g4 fxg3 21. Qxg3 Bxd3
22. Nxd3 Rac8 23. Rhg1 Nf7 24. f4 h6 {unreadable} 1/2-1/2